[Event "FSV-ch 2011"]
[Site "Dortmund"]
[Date "2011.03.03"]
[Round "1.1"]
[White "Schulenburg, Pit"]
[Black "Schicktanz, Florian"]
[Result "1-0"]
[WhiteElo "2165"]
[BlackElo "1484"]
[PlyCount "109"]
[EventDate "2011.??.??"]

1. d4 d5 2. c4 e6 3. Nc3 Nf6 4. Bg5 Be7 5. e3 Nbd7 6. Nf3 O-O 7. Rc1 a6 8. cxd5
Nxd5 9. Nxd5 exd5 10. Bxe7 Qxe7 11. Rxc7 Qd6 12. Qc2 Nf6 13. Qc5 Ne4 14. Qxd6
Nxd6 15. Bd3 b5 16. Kd2 Nc4+ 17. Kc3 h6 18. b3 Nd6 19. Ne5 Be6 20. Rc1 Rfe8 21.
Kd2 b4 22. R1c6 Ne4+ 23. Bxe4 dxe4 24. f3 exf3 25. gxf3 f6 26. Nd3 Bd5 27. Rd6
Bxf3 28. Rdd7 Be4 29. Rxg7+ Kh8 30. Nxb4 a5 31. Nd3 a4 32. b4 Bf5 33. Nf4 Re4
34. Ng6+ Bxg6 35. Rxg6 Rh4 36. Rxf6 Rxh2+ 37. Kd3 Rxa2 38. Rxh6+ Kg8 39. Rhh7
Ra3+ 40. Ke4 Re8+ 41. Rhe7 Rxe7+ 42. Rxe7 Rb3 43. Rb7 a3 44. Ra7 Kf8 45. d5
Rxb4+ 46. Ke5 Rb3 47. e4 Ke8 48. d6 Kd8 49. Ke6 Kc8 50. d7+ Kb8 51. Rxa3 Rb4
52. e5 Kc7 53. Rc3+ Kb7 54. Ke7 Rd4 55. e6 1-0

[Event "FSV-ch 2011"]
[Site "Dortmund"]
[Date "2011.03.03"]
[Round "1.2"]
[White "Tekin, Baran"]
[Black "Naundorf, Maik"]
[Result "0-1"]
[WhiteElo "1481"]
[BlackElo "2057"]
[PlyCount "76"]
[EventDate "2011.??.??"]

1. d4 Nf6 2. Nf3 g6 3. c4 c5 4. d5 b5 5. cxb5 a6 6. b6 Qxb6 7. Nc3 Bg7 8. e4 d6
9. Nd2 Nbd7 10. Nc4 Qc7 11. Be2 Nb6 12. f3 Nxc4 13. Bxc4 O-O 14. O-O Nd7 15. a4
Qa5 16. Qc2 Rb8 17. Bd2 Ne5 18. Nd1 Qc7 19. Ne3 Rxb2 20. Qc1 Rb8 21. Bc3 Nxc4
22. Nxc4 Bxc3 23. Qxc3 Rb4 24. a5 Bd7 25. Nb6 Bb5 26. Rfe1 e5 27. dxe6 fxe6 28.
Rac1 Qe7 29. e5 d5 30. Qxc5 Qxc5+ 31. Rxc5 {(=)} 31... d4 32. Re4 Rb1+ 33. Kf2
Rb2+ 34. Kg3 Bf1 35. Rxd4 Rxg2+ 36. Kh4 Rxh2+ 37. Kg5 Rf5+ 38. Kg4 Rg2+ 0-1

[Event "FSV-ch 2011"]
[Site "Dortmund"]
[Date "2011.03.03"]
[Round "1.3"]
[White "Zelt, Jens"]
[Black "Raabe, Hans-Ulrich"]
[Result "1-0"]
[WhiteElo "2016"]
[BlackElo "1471"]
[PlyCount "71"]
[EventDate "2011.??.??"]

1. d4 Nf6 2. Nf3 g6 3. c3 Bg7 4. h3 O-O 5. Bf4 d6 6. Nbd2 c5 7. e3 Bd7 8. Be2
Nc6 9. O-O Rc8 10. a4 a5 11. dxc5 dxc5 12. Qb3 Ne8 13. Rfd1 Nd6 14. Bxd6 exd6
15. Ne4 Qc7 16. Nxd6 Rb8 17. Bc4 Bc8 18. Nb5 Qe7 19. Nd6 Nd4 20. cxd4 Qxd6 21.
Rac1 cxd4 22. Nxd4 Qf6 23. Qb5 Qe5 24. b3 Rd8 25. Qb6 Qg5 26. Nf3 Rxd1+ 27.
Rxd1 Qe7 28. Rd8+ Bf8 29. Qxa5 Kg7 30. Qd2 Qf6 31. Qd4 Be7 32. Re8 Qxd4 33.
Nxd4 Bd6 34. Bd5 h6 35. h4 Kf6 36. f4 1-0

[Event "FSV-ch 2011"]
[Site "Dortmund"]
[Date "2011.03.03"]
[Round "1.4"]
[White "Völler, Lothar"]
[Black "Begna, Bozidar"]
[Result "1-0"]
[WhiteElo "1469"]
[BlackElo "1976"]
[PlyCount "110"]
[EventDate "2011.??.??"]

1. e4 d6 2. Nf3 Nf6 3. Nc3 c6 4. Bc4 b5 5. Bb3 b4 6. e5 Ng4 7. Ne4 Nxe5 8. Nxe5
dxe5 9. Qh5 e6 10. d3 Be7 11. Qxe5 O-O 12. O-O Nd7 13. Qg3 Nf6 14. Nxf6+ Bxf6
15. Rb1 a5 16. Ba4 Bb7 17. Bf4 Qd5 18. Bb3 Qh5 19. c3 c5 20. Bd1 Qg6 21. Qxg6
hxg6 22. Bd6 Rfc8 23. a3 Ba6 24. Bf3 Ra7 25. axb4 cxb4 26. c4 Rd7 27. c5 Bxd3
28. Ra1 Bxf1 29. Kxf1 Bxb2 30. Rxa5 Bd4 31. Rb5 Bc3 32. Bb7 Rcd8 33. Rb6 g5 34.
Ke2 Kh7 35. Kd3 Kg6 36. Kc4 Rh8 37. Bg3 Rd4+ 38. Kb3 Kf5 39. c6 Rdd8 40. c7
Rdg8 41. Rc6 Rc8 42. Bxc8 Rxc8 43. Bd6 Be5 44. Rc5 f6 45. f3 Kg6 46. Bxe5 fxe5
47. Kxb4 Kf6 48. Kb5 Ke7 49. Kc6 g4 50. Rxe5 gxf3 51. gxf3 Rf8 52. Re3 Kf6 53.
Kb7 g5 54. c8=Q Rxc8 55. Kxc8 Kf5 1-0

[Event "FSV-ch 2011"]
[Site "Dortmund"]
[Date "2011.03.03"]
[Round "1.5"]
[White "Melmer, Felix"]
[Black "Tautz, Eugen"]
[Result "1-0"]
[WhiteElo "1935"]
[BlackElo "1442"]
[PlyCount "55"]
[EventDate "2011.??.??"]

1. e4 c5 2. Nc3 Nc6 3. f4 d6 4. Nf3 Bg4 5. Bb5 Qc8 6. O-O a6 7. Be2 Nf6 8. h3
Bd7 9. e5 dxe5 10. fxe5 Ng8 11. Nd5 Qd8 12. Ne3 e6 13. c3 Qc7 14. d4 cxd4 15.
cxd4 Nge7 16. Bd2 Ng6 17. Rc1 Qb6 18. Nc4 Qa7 19. Be3 b6 20. Ng5 Nd8 21. d5 Bc5
22. Bxc5 bxc5 23. Nd6+ Ke7 24. Ndxf7 Nxf7 25. Rxf7+ Ke8 26. dxe6 Nxe5 27. exd7+
Nxd7 28. Bg4 1-0

[Event "FSV-ch 2011"]
[Site "Dortmund"]
[Date "2011.03.03"]
[Round "1.6"]
[White "Vogt, Christian"]
[Black "Morawietz, Manuel"]
[Result "0-1"]
[WhiteElo "1415"]
[BlackElo "1926"]
[PlyCount "76"]
[EventDate "2011.??.??"]

1. d4 d5 2. c4 c6 3. Nf3 e6 4. Nc3 dxc4 5. a4 Bb4 6. e3 b5 7. axb5 cxb5 8. Bd2
Qb6 9. Ne4 Be7 10. Ba5 Qb7 11. Nc5 Bxc5 12. dxc5 Nc6 13. Bc3 Nf6 14. b3 cxb3
15. Qxb3 a6 16. Qb2 Ke7 17. Be2 b4 18. Be5 Nxe5 19. Nxe5 Rd8 20. Bf3 Nd5 21.
O-O a5 22. Nc4 Qb5 23. Rfc1 f6 24. Nb6 Ra7 25. Be2 Qc6 26. Bf3 Qc7 27. Na4 Bb7
28. Qc2 Bc6 29. Bxd5 Rxd5 30. Qxh7 Kf7 31. Nb6 Rg5 32. g3 b3 33. Ra3 a4 34. h4
Rxg3+ 35. fxg3 Qxg3+ 36. Kf1 Qf3+ 37. Ke1 Qxe3+ 38. Kd1 Bf3# 0-1

[Event "FSV-ch 2011"]
[Site "Dortmund"]
[Date "2011.03.03"]
[Round "1.7"]
[White "Lauche, Christoph"]
[Black "Skalweit, Wolfgang"]
[Result "1-0"]
[WhiteElo "1877"]
[BlackElo "1401"]
[PlyCount "57"]
[EventDate "2011.??.??"]

1. e4 e5 2. f4 exf4 3. Bc4 Nc6 4. d4 Qh4+ 5. Kf1 d6 6. Nc3 Bd7 7. Nf3 Qg4 8.
Nd5 O-O-O 9. Nxf4 g5 10. h3 Qxf4 11. Bxf4 gxf4 12. Ng5 Be8 13. Bxf7 Bd7 14. Ne6
Bxe6 15. Bxe6+ Kb8 16. b4 Nf6 17. b5 Ne7 18. Qf3 Ng6 19. Rb1 Be7 20. Bd5 Nxd5
21. exd5 Rdf8 22. Rb4 Rhg8 23. Qa3 b6 24. Qa6 Nh4 25. Ra4 Bf6 26. Qxa7+ Kc8 27.
Qa8+ Kd7 28. Qc6+ Ke7 29. Qxc7+ 1-0

[Event "FSV-ch 2011"]
[Site "Dortmund"]
[Date "2011.03.03"]
[Round "1.8"]
[White "Hübel, Carsten"]
[Black "Grube, Jörg"]
[Result "0-1"]
[WhiteElo "1397"]
[BlackElo "1876"]
[PlyCount "70"]
[EventDate "2011.??.??"]

1. c4 Nf6 2. d4 g6 3. g3 Bg7 4. Bg2 O-O 5. Bg5 h6 6. Bxf6 Bxf6 7. Nf3 c5 8. e3
Qb6 9. Qd2 Nc6 10. Nc3 cxd4 11. Nd5 dxe3 12. Nxf6+ exf6 13. fxe3 Re8 14. O-O-O
Qxe3 15. Qxe3 Rxe3 16. Rd6 Kg7 17. Nd2 Rb8 18. Ne4 Ne5 19. Rxf6 Rxe4 20. Rxf7+
Nxf7 21. Bxe4 d6 22. Rf1 Ne5 23. b3 Bh3 24. Rd1 Nf7 25. Bd5 b5 26. cxb5 Rxb5
27. Bc4 Rb6 28. Re1 Rb7 29. Bd5 Rc7+ 30. Kb2 Ne5 31. Rd1 Kf6 32. Be4 Ke7 33.
Re1 g5 34. Bd3 Be6 35. h4 {und Weiss gab auf, ohne die Antwort} 35... Nxd3+ {
abzuwarten.} 0-1

[Event "FSV-ch 2011"]
[Site "Dortmund"]
[Date "2011.03.03"]
[Round "1.9"]
[White "Schütz, Ralf"]
[Black "Herrmann, Rudolf"]
[Result "1-0"]
[WhiteElo "1818"]
[BlackElo "1336"]
[PlyCount "69"]
[EventDate "2011.??.??"]

1. e4 d5 2. exd5 Qxd5 3. Nc3 Qa5 4. d4 Nf6 5. Bc4 Bf5 6. Bd2 c6 7. Nf3 e6 8.
Qe2 Bb4 9. O-O Bxc3 10. Bxc3 Qc7 11. Nh4 Be4 12. Rad1 Nbd7 13. Bd3 Bxd3 14.
Rxd3 O-O-O 15. Nf3 h5 16. h3 h4 17. Bd2 Nd5 18. Ra3 Kb8 19. c4 N5f6 20. b4 Ka8
21. b5 Qd6 22. Rb3 c5 23. Ba5 Rc8 24. Rd1 cxd4 25. Rxd4 Qe7 26. Bb4 Nc5 27. Qe3
Rhd8 28. Rxd8 Qxd8 29. Bxc5 Qc7 30. Rd3 Nd7 31. Bb4 Nb6 32. Ra3 Qxc4 33. Qxb6
a6 34. bxa6 Qc6 35. axb7+ 1-0

[Event "FSV-ch 2011"]
[Site "Dortmund"]
[Date "2011.03.03"]
[Round "1.10"]
[White "Winkler, Harald"]
[Black "Sonntag, Joachim"]
[Result "0-1"]
[WhiteElo "1318"]
[BlackElo "1796"]
[PlyCount "78"]
[EventDate "2011.??.??"]

1. Nf3 c5 2. e3 Nc6 3. c4 Nf6 4. Nc3 e5 5. e4 d6 6. g3 Bg4 7. Bg2 Be7 8. O-O
Qd7 9. a3 O-O 10. Qc2 Rac8 11. d3 Nh5 12. Bd2 a6 13. Rfe1 f5 14. Ne2 fxe4 15.
Ng5 Bxe2 16. Rxe2 Nd4 17. Qd1 Bxg5 18. Bxg5 Nxe2+ 19. Qxe2 Nf6 20. dxe4 Ng4 21.
Bh3 h5 22. f3 Rf7 23. fxg4 Rcf8 24. Rf1 Rxf1+ 25. Bxf1 hxg4 26. Be3 Qf7 27. b3
Qf3 28. Qxf3 Rxf3 29. Bg5 Kf7 30. b4 Rxa3 31. bxc5 dxc5 32. Bd8 Ke6 33. Bb6 Kd6
34. Be2 a5 35. Bxg4 a4 36. Ba7 Rd3 37. Bb8+ Ke7 38. Bxe5 a3 39. Kf2 Rd4 $3 0-1

[Event "FSV-ch 2011"]
[Site "Dortmund"]
[Date "2011.03.03"]
[Round "1.11"]
[White "Bommert, Christian"]
[Black "Jentzsch, W. W."]
[Result "1-0"]
[WhiteElo "1779"]
[BlackElo "1301"]
[PlyCount "57"]
[EventDate "2011.??.??"]

1. f4 d5 2. Nf3 Nf6 3. g3 c5 4. Bg2 Nc6 5. d3 e6 6. O-O b5 7. c3 Be7 8. Qe1 Rb8
9. e4 dxe4 10. dxe4 Ba6 11. Rf2 Qb6 12. h3 c4 13. Be3 Bc5 14. Bxc5 Qxc5 15. a3
Nh5 16. Kh2 Rd8 17. Nbd2 Nf6 18. e5 Nd5 19. Ne4 Qb6 20. Nd6+ Ke7 21. Ng5 Rdf8
22. Bxd5 exd5 23. Rd1 d4 24. Nf5+ Ke8 25. Nxd4 h6 26. Ne4 Bb7 27. Nf5 Qc7 28.
Ned6+ Kd7 29. Nxb5+ 1-0

[Event "FSV-ch 2011"]
[Site "Dortmund"]
[Date "2011.03.03"]
[Round "1.12"]
[White "Koch, Detlev"]
[Black "Jost, Udo"]
[Result "0-1"]
[WhiteElo "1292"]
[BlackElo "1764"]
[PlyCount "74"]
[EventDate "2011.??.??"]

1. d4 c5 2. Nf3 Nf6 3. e3 a6 4. b3 cxd4 5. Nxd4 e5 6. Nf3 Nc6 7. Be2 d5 8. O-O
Qc7 9. Bb2 h5 10. c4 dxc4 11. Bxc4 Bg4 12. Be2 Bc5 13. h3 e4 14. Nh2 Rd8 15.
Qe1 Bf5 16. a3 Rh6 17. Bxf6 gxf6 18. Kh1 Ba7 19. Rg1 Be6 20. b4 f5 21. b5 Ne5
22. bxa6 bxa6 23. Bxa6 Bb8 24. Bb5+ Kf8 25. Nf1 Ng4 26. Ng3 Kg8 27. Ra2 Bxa2
28. Qe2 Bb3 29. Re1 Bd1 30. Qf1 Qc2 31. Kg1 Qxb1 32. Nxf5 Rf6 33. Ne7+ Kf8 34.
Nc6 Nh2 35. Qe2 Nf3+ 36. gxf3 Rg6+ 37. Kf1 Bxe2+ 0-1

[Event "FSV-ch 2011"]
[Site "Dortmund"]
[Date "2011.03.03"]
[Round "1.13"]
[White "Raskin, Vitali"]
[Black "Gennat, Egon L"]
[Result "1/2-1/2"]
[WhiteElo "1751"]
[BlackElo "1291"]
[PlyCount "80"]
[EventDate "2011.??.??"]

1. e4 d6 2. d4 Nf6 3. Nc3 g6 4. Nf3 Bg7 5. h3 Nbd7 6. Bc4 c5 7. e5 dxe5 8. dxe5
Ng8 9. e6 fxe6 10. Bxe6 Bxc3+ 11. bxc3 Ndf6 12. Qxd8+ Kxd8 13. Ng5 Nh6 14. O-O
Ke8 15. Re1 Nf5 16. Bf4 Bxe6 17. Nxe6 Rc8 18. g4 Nd6 19. Rab1 b6 20. Ng5 Kd7
21. Rbd1 Rhf8 22. Rxe7+ Kxe7 23. Bxd6+ Ke8 24. Bxf8 Kxf8 25. Rd6 Kg7 26. Re6
Rc7 27. Rxb6 axb6 28. Ne6+ Kf7 29. Nxc7 Ke7 30. c4 g5 31. Nd5+ Nxd5 32. cxd5 b5
33. c4 bxc4 34. Kf1 Kd6 35. Ke2 Kxd5 36. Kd2 Kd4 37. Kc2 c3 38. f3 Kc4 39. Kc1
Kb5 (39... Kd3 $1 40. a3 Kc4 41. Kc2 h6 42. a4 Kb4 43. a5 Kxa5 44. Kxc3 Kb5 {
und Schwarz gewinnt!}) 40. Kc2 Kc4 1/2-1/2

[Event "FSV-ch 2011"]
[Site "Dortmund"]
[Date "2011.03.03"]
[Round "1.14"]
[White "Wickenfeld, Udo"]
[Black "Schulz-Runge, Mi"]
[Result "0-1"]
[WhiteElo "1249"]
[BlackElo "1736"]
[PlyCount "42"]
[EventDate "2011.??.??"]

1. d4 Nf6 2. c4 c5 3. d5 Ne4 4. Be3 Qa5+ 5. Bd2 Nxd2 6. Nxd2 b5 7. b3 g6 8. Qc2
Bg7 9. Rc1 bxc4 10. bxc4 Na6 11. Qb1 Rb8 12. Qc2 Rb2 13. Qd1 Nb4 14. Ngf3 Qxa2
15. e3 Nc2+ 16. Ke2 Ba6 17. Ne1 Bxc4+ 18. Nxc4 Qxc4+ 19. Kf3 Nxe1+ 20. Qxe1
Qxd5+ 21. e4 Rb3+ 0-1

[Event "FSV-ch 2011"]
[Site "Dortmund"]
[Date "2011.03.03"]
[Round "1.15"]
[White "Knackstedt, Ulf"]
[Black "Pauli, Helmut"]
[Result "1-0"]
[WhiteElo "1718"]
[BlackElo "1222"]
[PlyCount "38"]
[EventDate "2011.??.??"]

1. e4 c6 2. d4 d5 3. e5 Bf5 4. Bd3 Bxd3 5. Qxd3 e6 6. f4 Ne7 7. Nf3 h6 8. O-O
Nf5 9. g4 Nh4 10. f5 Nxf3+ 11. Qxf3 Qd7 12. Be3 Bb4 13. c3 Ba5 14. Nd2 exf5 15.
gxf5 Bd8 16. Qg3 f6 17. e6 Qe7 18. Bf4 Qf8 19. Bxb8 Be7 {
und Schwarz gab zugleich auf.} 1-0

[Event "FSV-ch 2011"]
[Site "Dortmund"]
[Date "2011.03.03"]
[Round "1.16"]
[White "Busch, J. Malo"]
[Black "Hering, Franz"]
[Result "1-0"]
[WhiteElo "1220"]
[BlackElo "1634"]
[PlyCount "49"]
[EventDate "2011.??.??"]

1. e4 e5 2. Nf3 Nf6 3. Nc3 Nc6 4. Bc4 Bc5 5. O-O O-O 6. d3 d6 7. h3 Na5 8. Bg5
Nxc4 9. dxc4 h6 10. Bh4 c6 11. a3 a6 12. b4 Ba7 13. Qe2 g5 14. Nxg5 hxg5 15.
Bxg5 Kg7 16. Qf3 Rh8 17. Rad1 Bd4 18. Ne2 Be6 19. Nxd4 Rh6 20. Nxe6+ fxe6 21.
Bxh6+ Kxh6 22. Qd3 d5 23. cxd5 exd5 24. exd5 cxd5 25. Qe3+ 1-0

[Event "FSV-ch 2011"]
[Site "Dortmund"]
[Date "2011.03.03"]
[Round "1.17"]
[White "Reschop, Romano"]
[Black "Griese, Andreas"]
[Result "1-0"]
[WhiteElo "1621"]
[BlackElo "1196"]
[PlyCount "79"]
[EventDate "2011.??.??"]

1. e4 c5 2. d4 cxd4 3. c3 Nf6 4. e5 Nd5 5. cxd4 e6 6. Nf3 Nc6 7. a3 d6 8. Nbd2
dxe5 9. dxe5 a6 10. b4 b5 11. Bb2 Bb7 12. Rc1 Be7 13. g3 Rc8 14. Bg2 O-O 15.
O-O a5 16. bxa5 Nxa5 17. Qe2 Ba6 18. a4 Nc4 19. axb5 Bxb5 20. Nxc4 Nb6 21. Rfd1
Nd5 22. Qe4 Bc6 23. Ne3 Qb6 24. Nxd5 Bxd5 25. Qe2 Rb8 26. Bd4 Qd8 27. Be3 Ra8
28. Nd4 Bxg2 29. Kxg2 Qd5+ 30. Nf3 Qb7 31. Bc5 Bxc5 32. Rxc5 h6 33. Rb5 Qa6 34.
Rd6 Qc8 35. Qd3 Qc1 36. Qd2 Qc4 37. Ra5 Rac8 38. Ra7 Qc5 39. Rdd7 Rb8 40. Qf4
1-0

[Event "FSV-ch 2011"]
[Site "Dortmund"]
[Date "2011.03.03"]
[Round "1.18"]
[White "Wangrin, Stefan A"]
[Black "Benke, Werner"]
[Result "0-1"]
[WhiteElo "1184"]
[BlackElo "1612"]
[PlyCount "68"]
[EventDate "2011.??.??"]

1. e4 e6 2. Bc4 c6 3. a4 d5 4. exd5 exd5 5. Ba2 Bd6 6. d4 Nf6 7. Bg5 O-O 8. Nd2
Re8+ 9. Ne2 Qe7 10. Nf3 Bg4 11. Qd3 Nbd7 12. h3 Bf5 13. Qd2 h6 14. Be3 Ne4 15.
Qd3 Ng3 16. Qb3 Nxh1 17. Qxb7 Nf6 18. Qxe7 Rxe7 19. c4 Bb4+ 20. Nc3 Rae8 21.
Ne5 Re6 22. Ke2 Bxc3 23. bxc3 Nxf2 24. Bxf2 Rb8 25. cxd5 Rb2+ 26. Ke1 Nxd5 27.
Bxd5 cxd5 28. a5 f6 29. g4 Bd3 30. Kd1 fxe5 31. dxe5 Rxf2 32. Ra3 Bc4 33. Kc1
Rxe5 34. Kd1 Rh2 0-1

[Event "FSV-ch 2011"]
[Site "Dortmund"]
[Date "2011.03.03"]
[Round "1.19"]
[White "Weischer, Wolfgang"]
[Black "Jürgens, Ulrich"]
[Result "1-0"]
[WhiteElo "1609"]
[BlackElo "1168"]
[PlyCount "97"]
[EventDate "2011.??.??"]

1. g3 Nf6 2. c4 e6 3. Nc3 c6 4. d4 d5 5. e3 g6 6. Nf3 Bg7 7. c5 O-O 8. Bd3 Nbd7
9. Qc2 Qe7 10. Bd2 e5 11. dxe5 Nxe5 12. Nxe5 Qxe5 13. Ne2 d4 14. Nxd4 Re8 15.
O-O-O Ng4 16. Rdf1 a5 17. h3 Nf6 18. f4 Qd5 19. Bc4 Qd7 20. g4 Ne4 21. Re1 Nxc5
22. Kb1 b5 23. Bxf7+ Kxf7 24. Qxc5 Bxd4 25. Qxd4 Qe7 26. Bc3 Rg8 27. e4 Bb7 28.
Qe5 b4 29. Qxe7+ Kxe7 30. Bd4 Kf7 31. Bc5 Ke6 32. Rd1 Rad8 33. Kc2 Ba6 34. Bb6
Rxd1 35. Rxd1 a4 36. Bc5 b3+ 37. axb3 Bb5 38. Rd6+ Kf7 39. bxa4 Bxa4+ 40. b3
Bb5 41. Rd7+ Ke6 42. Rd6+ Kf7 43. g5 Re8 44. e5 Kg8 45. e6 Bf1 46. e7 Bxh3 47.
Rf6 Bd7 48. Rf8+ Rxf8 49. exf8=Q# 1-0

[Event "FSV-ch 2011"]
[Site "Dortmund"]
[Date "2011.03.10"]
[Round "1.21"]
[White "Kirmes, H.-Uwe"]
[Black "Reinacher, Detlev"]
[Result "1-0"]
[WhiteElo "1380"]
[BlackElo "1588"]
[PlyCount "75"]
[EventDate "2011.??.??"]

1. f4 g6 2. Nf3 Bg7 3. g3 d6 4. Bg2 c6 5. O-O Nd7 6. d3 Ngf6 7. e4 Qb6+ 8. Kh1
Ng4 9. Qe2 e5 10. h3 Ngf6 11. fxe5 Nh5 12. Qf2 Qxf2 13. Rxf2 Nxe5 14. Kh2 Nxf3+
15. Bxf3 Nf6 16. Nc3 h5 17. Bg5 Ng4+ 18. Bxg4 hxg4 19. h4 Be6 20. a3 Kd7 21.
Ne2 c5 22. c3 b5 23. Raf1 Bh6 24. Bf6 Rh7 25. Nf4 g5 26. Ng2 a5 27. e5 d5 28.
Kg1 gxh4 29. Bxh4 Rah8 30. Bf6 Bg7 31. Nh4 Bxf6 32. Rxf6 d4 33. cxd4 Rc8 34. d5
Bxd5 35. Rd6+ Ke7 36. Nf5+ Ke8 37. Rxd5 Kf8 38. Nd6 1-0

[Event "FSV-ch 2011"]
[Site "Dortmund"]
[Date "2011.03.03"]
[Round "1.22"]
[White "Milonas, Georgios"]
[Black "Rabe, Mark"]
[Result "1/2-1/2"]
[WhiteElo "1587"]
[BlackElo "963"]
[PlyCount "74"]
[EventDate "2011.??.??"]

1. e4 d6 2. d4 Nf6 3. Nc3 e6 4. Be3 Be7 5. f3 c6 6. Qd2 Qa5 7. Bd3 b5 8. Nge2
Nbd7 9. Ng3 Rb8 10. Nb1 Qxd2+ 11. Nxd2 e5 12. Nf5 Bf8 13. dxe5 Nxe5 14. Bxa7
Nxd3+ 15. cxd3 Rb7 16. Bd4 Bxf5 17. exf5 Nd5 18. Kf2 f6 19. Rhe1+ Kf7 20. a3
Nf4 21. Re3 g6 22. g3 Nd5 23. Re6 gxf5 24. Rae1 h5 25. h4 Rg8 26. b3 Be7 27.
Bb2 c5 28. R6e2 Bd8 29. f4 Bb6 30. Kf3 Ba5 31. Rf1 Re7 32. Rxe7+ Nxe7 33. Nb1
Nd5 34. Rf2 Bb6 35. Re2 Bc7 36. Nd2 Ba5 37. Nf1 Bb6 1/2-1/2

[Event "FSV-ch 2011"]
[Site "Dortmund"]
[Date "2011.03.03"]
[Round "1.23"]
[White "Riepe, Markus"]
[Black "Dieckmann, Rudolf"]
[Result "0-1"]
[WhiteElo "839"]
[BlackElo "1575"]
[PlyCount "80"]
[EventDate "2011.??.??"]

1. e4 g6 2. d4 d6 3. Nf3 Bg7 4. Be2 b6 5. c4 e6 6. Nc3 Bb7 7. Bg5 f6 8. Bh4 g5
9. Bg3 Ne7 10. d5 exd5 11. cxd5 Nd7 12. Qa4 a6 13. b3 b5 14. Qd4 O-O 15. O-O f5
16. Qd2 f4 17. Nxg5 fxg3 18. Bg4 gxh2+ 19. Kxh2 Nc5 20. Be6+ Nxe6 21. Nxe6 Qe8
22. Qg5 Ng6 23. Rac1 Bf6 24. Qg4 Rf7 25. Ne2 c6 26. N2f4 Be5 27. g3 Bxf4 28.
gxf4 Qe7 29. Kg3 Kh8 30. Rh1 Rg8 31. Ng5 Nf8 32. Rh5 cxd5 33. e5 dxe5 34. fxe5
Qxe5+ 35. Kg2 Qe4+ 36. Qxe4 dxe4 37. Rch1 e3+ 38. Kf1 Rxf2+ 39. Ke1 Bxh1 40.
Rxh1 Rxg5 0-1

[Event "FSV-ch 2011"]
[Site "Dortmund"]
[Date "2011.03.03"]
[Round "1.24"]
[White "Rzoczek, Christoph"]
[Black "Reker, Gerhard"]
[Result "1-0"]
[WhiteElo "1505"]
[BlackElo "727"]
[PlyCount "65"]
[EventDate "2011.??.??"]

1. d4 d5 2. Nf3 Nf6 3. Bg5 e6 4. e3 Be7 5. Bd3 O-O 6. Nbd2 Ng4 7. h4 Bxg5 8.
hxg5 Nc6 9. Bxh7+ Kh8 10. Bf5+ Nh6 11. gxh6 g6 12. Bd3 Kh7 13. c4 Nb4 14. Qb3
a5 15. Ne5 f5 16. a3 Nc6 17. Ndf3 Rg8 18. Ke2 Nxe5 19. Nxe5 c6 20. c5 a4 21.
Qc2 b5 22. f4 Bb7 23. Nf3 Qf8 24. Ng5+ Kh8 25. h7 Rg7 26. Nxe6 Qf7 27. Nxg7
Qxg7 28. g4 Bc8 29. g5 Ra7 30. Kf3 Re7 31. Qh2 Re6 32. Qh6 Qe7 33. Rae1 1-0

[Event "FSV-ch 2011"]
[Site "Dortmund"]
[Date "2011.03.17"]
[Round "2.1"]
[White "Jost, Udo"]
[Black "Schulenburg, Pit"]
[Result "1-0"]
[WhiteElo "1764"]
[BlackElo "2165"]
[PlyCount "45"]
[EventDate "2011.??.??"]

1. e4 d5 2. exd5 Qxd5 3. Nc3 Qa5 4. Nf3 Nf6 5. Bc4 Bg4 6. d4 e6 7. Bd2 c6 8.
Ne4 Qd8 9. Neg5 Bh5 10. O-O Be7 11. Qe1 h6 12. Nxe6 fxe6 13. Qxe6 Qd6 14. Qc8+
Qd8 15. Qxb7 Nbd7 16. Qxc6 Rc8 17. Qa4 Bxf3 18. gxf3 Kf8 19. Bb3 Bd6 20. Rfe1
g5 21. Re6 Bf4 22. Bb4+ Kg7 23. Re7+ 1-0

[Event "FSV-ch 2011"]
[Site "Dortmund"]
[Date "2011.03.17"]
[Round "2.2"]
[White "Naundorf, Maik"]
[Black "Knackstedt, Ulf"]
[Result "1/2-1/2"]
[WhiteElo "2057"]
[BlackElo "1718"]
[PlyCount "98"]
[EventDate "2011.??.??"]

1. c4 d6 2. g3 Nf6 3. Bg2 g6 4. Nc3 Bg7 5. e4 e5 6. Nge2 O-O 7. O-O c6 8. d3
Nbd7 9. h3 Nc5 10. b4 Ne6 11. Rb1 Nh5 12. Be3 f5 13. exf5 gxf5 14. f4 Nxg3 15.
Nxg3 exf4 16. Bxf4 Nxf4 17. Rxf4 Bxc3 18. d4 c5 19. bxc5 dxc5 20. Ne2 Bxd4+ 21.
Nxd4 cxd4 22. Bd5+ Kh8 23. Qxd4+ Qf6 24. Qxf6+ Rxf6 25. Re1 Bd7 26. Re7 Rg6+
27. Kf2 Rg7 28. Rxg7 Kxg7 29. Rd4 Rb8 30. Kg3 Kf6 31. Kf4 Be6 32. Bxe6 Kxe6 33.
c5 Rc8 34. Rd6+ Ke7 35. Rd5 Rc6 36. Kxf5 Ra6 37. Rd2 Ra5 38. Kg5 Rxc5+ 39. Kh6
Rc4 40. Rd3 Rh4+ 41. Kg5 Rc4 42. Kh6 Ra4 43. a3 Rh4+ 44. Kg5 Rc4 45. Kh6 Rh4+
46. Kg5 Rc4 47. Kh6 Rh4+ 48. Kg5 Rc4 49. Kh6 Rh4+ 1/2-1/2

[Event "FSV-ch 2011"]
[Site "Dortmund"]
[Date "2011.03.17"]
[Round "2.3"]
[White "Reschop, Romano"]
[Black "Zelt, Jens"]
[Result "1/2-1/2"]
[WhiteElo "1621"]
[BlackElo "2016"]
[PlyCount "47"]
[EventDate "2011.??.??"]

1. e4 d6 2. d4 Nd7 3. f4 e5 4. Nf3 exd4 5. Bc4 Nb6 6. Bb3 c5 7. c3 dxc3 8. Nxc3
Be7 9. O-O Be6 10. Bxe6 fxe6 11. Ng5 Bxg5 12. fxg5 Qd7 13. Qe2 O-O-O 14. Bf4 e5
15. Be3 Kb8 16. Rad1 h6 17. Bxc5 Nc8 18. Rf3 hxg5 19. Nb5 Qc6 20. Rc3 Qa6 21.
Ra3 Qc6 22. Rc3 Qa6 23. Ra3 Qc6 24. Rc3 1/2-1/2

[Event "FSV-ch 2011"]
[Site "Dortmund"]
[Date "2011.03.17"]
[Round "2.4"]
[White "Benke, Werner"]
[Black "Melmer, Felix"]
[Result "1/2-1/2"]
[WhiteElo "1612"]
[BlackElo "1935"]
[PlyCount "78"]
[EventDate "2011.??.??"]

1. d4 f5 2. Nf3 Nf6 3. e3 e6 4. Be2 Be7 5. O-O O-O 6. Nbd2 b6 7. c4 Bb7 8. b3
Qe8 9. Bb2 d6 10. Qc2 Ne4 11. Nxe4 Bxe4 12. Qd1 Nd7 13. Nd2 Bb7 14. f4 Nf6 15.
Bf3 Bxf3 16. Qxf3 d5 17. Rac1 Rc8 18. Qe2 c6 19. Nf3 Qh5 20. Rc2 Ng4 21. h3 Nf6
22. Ng5 Qxe2 23. Rxe2 Ne4 24. Nxe4 fxe4 25. Ref2 b5 26. c5 Bh4 27. Rc2 g5 28.
Bc1 Rf7 29. fxg5 Rxf1+ 30. Kxf1 Rf8+ 31. Kg1 Kg7 32. Re2 Kg6 33. b4 Rf5 34. Bd2
Bxg5 35. Rf2 h5 36. Rxf5 Kxf5 37. g3 Bf6 38. Kg2 Bg5 39. Kf2 Bf6 {(=)} 1/2-1/2

[Event "FSV-ch 2011"]
[Site "Dortmund"]
[Date "2011.03.17"]
[Round "2.5"]
[White "Morawietz, Manuel"]
[Black "Weischer, Wolfgang"]
[Result "1-0"]
[WhiteElo "1926"]
[BlackElo "1609"]
[PlyCount "135"]
[EventDate "2011.??.??"]

1. e4 e5 2. Nf3 Nc6 3. Bb5 a6 4. Bxc6 dxc6 5. O-O Qf6 6. d4 exd4 7. Qxd4 Qxd4
8. Nxd4 c5 9. Nb3 Bd7 10. Be3 b6 11. Nc3 O-O-O 12. f4 f5 13. e5 Be7 14. Nd2 Be6
15. Nf3 Nh6 16. h3 Nf7 17. Rae1 h6 18. h4 g5 19. hxg5 hxg5 {(=)} 20. Nxg5 Bxg5
21. fxg5 Rdg8 22. Bf4 Nxg5 23. Bxg5 Rxg5 24. Rf4 Rhg8 25. Re2 Rd8 26. Rh4 Rd4
27. Rh8+ Kd7 {(=)} 28. Rh7+ Kd8 29. Kh2 b5 30. a3 Rg8 31. Nb1 Rdg4 32. Nd2 R8g7
33. Rxg7 Rxg7 34. Nf3 Ke8 35. Rd2 Rg4 36. Kg1 Re4 37. Kf2 Rg4 38. c3 Bc4 39.
Rd1 Ke7 40. Re1 Ke6 {(=)} 41. Rh1 Kf7 42. Rh7+ Rg7 43. Rxg7+ Kxg7 44. Ke3 a5
45. Nh4 Kf7 46. Kf4 Be6 47. Nxf5 Bb3 48. Ne3 c6 49. Nf1 Bd5 50. g4 Ke7 51. g5
Bf7 52. Ng3 Bg6 53. Ne4 c4 54. Nd2 Ke6 55. Nf3 c5 56. Nh4 Bh7 57. g6 Bg8 58.
Nf3 b4 59. Ng5+ Ke7 60. Kf5 bxa3 61. bxa3 a4 62. e6 Ke8 63. Kf6 Kf8 64. Ne4 Ke8
65. Nxc5 Kf8 66. Nxa4 Ke8 67. Nb6 Kd8 68. Nd5 1-0

[Event "FSV-ch 2011"]
[Site "Dortmund"]
[Date "2011.03.17"]
[Round "2.6"]
[White "Dieckmann, Rudolf"]
[Black "Lauche, Christoph"]
[Result "1-0"]
[WhiteElo "1575"]
[BlackElo "1877"]
[PlyCount "93"]
[EventDate "2011.??.??"]

1. c4 g6 2. d4 Bg7 3. Nf3 f5 4. Nc3 Nf6 5. g3 O-O 6. Bg2 d6 7. O-O Qe8 8. b4 e5
9. dxe5 dxe5 10. Qb3 e4 11. Nd4 c6 12. a4 Ng4 13. e3 Na6 14. Ba3 Nc7 15. b5 Rf7
16. Rad1 Ne6 17. Nce2 Ne5 18. f3 exf3 19. Nxf3 Nxf3+ 20. Bxf3 Ng5 21. Bg2 Bd7
22. Nf4 Rd8 23. Bd6 Ne4 24. Bb4 Bc8 25. Rxd8 Qxd8 26. Rd1 Rd7 27. Rxd7 Qxd7 28.
Qd3 Qxd3 29. Nxd3 Be6 30. Nc5 Nxc5 31. Bxc5 cxb5 32. Bd5 Kf7 $138 33. axb5 b6
34. Bd6 Bxd5 35. cxd5 Bc3 36. Bb8 Ke7 37. Kf2 Bb4 38. Bxa7 Bc5 39. Bb8 g5 40.
Kf3 Kf6 41. e4 fxe4+ 42. Kxe4 Bg1 43. g4 Bc5 44. Be5+ Kg6 45. d6 Kf7 46. Kd5 h6
47. h3 1-0